• 首页
  • 本馆介绍
  • 公告通知
  • 最新文献
  • 馆藏检索
  • 电子资源
  • 读者导购
  • 参考咨询
  • 我的图书馆
  • 登录
  • 详细信息显示
  • 放入我的书架
  • 预约/预借图书
  • 作者相关作品
  • 分类相关作品
  • 丛书相关作品
  • 出版社相关作品

书目信息

  • 表格格式
  • 工作单格式
  • 卡片格式
题名:
搜索引擎与信息检索教程
    
 
作者: 袁津生 , 赵传刚 编著
分册:  
出版信息: 北京   中国水利水电出版社  2008
页数: 278页
开本: 26cm
丛书名:
单 册:
中图分类: G354.4
科图分类:
主题词: 互联网络--情报检索--高等学校--教材 , 互联网络 , 情报检索
电子资源:
ISBN: 978-7-5084-5394-1
000 01017nam0 2200289 450
001 100428467455
005 20110222143626.93
010    @a978-7-5084-5394-1@dCNY28.00
035    @a003828558
100    @a20080715d2008 em y0chiy0110 ea
101 0  @achi
102    @aCN@b110000
105    @ay z 000yy
106    @ar
200 1  @a搜索引擎与信息检索教程@9sou suo yin qing yu xin xi jian suo jiao cheng@f袁津生,赵传刚等编著
210    @a北京@c中国水利水电出版社@d2008
215    @a278页@d26cm
300    @a21世纪高等学校精品教材
330    @a本书全面阐述了搜索引擎技术和信息检索技术,包括:搜索引擎的基本原理与技术、搜索引擎的数据结构和搜索引擎的爬虫、信息获取与信息检索技术、分类与聚类技术以及Web信息检索技术。
606 0  @a互联网络@x情报检索@x高等学校@j教材
606 0  @a互联网络
606 0  @a情报检索
690    @aG354.4@v4
701  0 @a袁津生@9yuan jin sheng@4编著
701  0 @a赵传刚@9zhao chuan gang@4编著
801  0 @aCN@bNLC@c20110222
905    @b205989830-885@h598983-88@dG354.4@e110@f6
    
    搜索引擎与信息检索教程/袁津生,赵传刚等编著.-北京:中国水利水电出版社,2008
    278页;26cm
    21世纪高等学校精品教材
    
    ISBN 978-7-5084-5394-1:CNY28.00
    本书全面阐述了搜索引擎技术和信息检索技术,包括:搜索引擎的基本原理与技术、搜索引擎的数据结构和搜索引擎的爬虫、信息获取与信息检索技术、分类与聚类技术以及Web信息检索技术。
●
相关链接 在E读中查询图书 在五车中查询图书 在当当中查询图书 在豆瓣中查询图书


正题名:搜索引擎与信息检索教程     索取号:G354.4/110         预约/预借

序号 登录号 条形码 馆藏地/架位号 状态 备注
1 598983   205989830   第一样本阅览室/ [索取号:G354.4/110] 在馆    
2 598984   205989849   第四借阅区/ [索取号:G354.4/110] 在馆    
3 598985   205989858   第四借阅区/ [索取号:G354.4/110] 在馆    
4 598986   205989867   第四借阅区/ [索取号:G354.4/110] 在馆    
5 598987   205989876   第四借阅区/ [索取号:G354.4/110] 在馆    
6 598988   205989885   第四借阅区/ [索取号:G354.4/110] 在馆    
唐山师范学院图书馆 欢迎您!
大连网信软件有限公司© 版权所有